Brigádní forma organizace práce jako faktor přestavby hospodářského mechanismu

Bibliographic Details
Main Author: Filka, M. (Author)
Format: Article
Language:Czech
Subjects:

MARC

LEADER 00000nab a2200000 a 4500
001 vtls000323542
003 SK-MaSNL
005 20260303171841.0
008 160201c1987 xo 0 cze
015 |a SNBRA19rr/mm-uuuuu 
035 |a CL0323664 
040 |a SNKBUCL  |b slo  |c SNKBUCL  |e AACR2 
041 0 |a cze 
044 |a xo  |c SK 
080 |a 331.874  |2 1981 
080 |a 331.236  |2 1981 
080 |a 338.2(437)  |2 1981 
100 1 |a Filka, M.  |4 aut  |9 961045 
245 1 0 |a Brigádní forma organizace práce jako faktor přestavby hospodářského mechanismu  |c M. Filka 
650 0 7 |a mechanizmus hospodársky  |2 snkbucl  |9 385380 
650 0 7 |a organizácia práce  |2 snkbucl  |9 2330 
650 0 7 |a odmeňovanie  |2 snkbucl  |9 2329 
650 0 7 |a ČSSR  |2 snkbucl  |9 335647 
655 7 |a články zo zborníkov  |2 snkbucl  |9 166140 
773 0 |t Rozvoj brigádnej formy organizácie práce a odmeňovania  |d Bratislava : Dom techniky ČSVTS, 1987 
850 |a Slovenská národná knižnica v Martine  |a MTA001 
852 |a SNK  |b KIS3GCP 
958 |a RK 
958 |a CZ 
992 |a RZB 
999 |c 2083713  |d 2085643